000
00315cam a22001217a 4500
008
180718b1957 xxu||||| |||| 00| 0 eng d
082
_a
F16 F863
100
_a
Fraser, Lindley
245
_a
Propaganda
_c
by Lindley Fraser
260
_a
London
_b
Oxford University Press
_c
1957
300
_a
218p.
650
_a
Propaganda
999
_c
365867
_d
365867